| 000 | 00720nam a22002297a 4500 | ||
|---|---|---|---|
| 005 | 20010101011129.0 | ||
| 008 | 010101b xxu||||| |||| 00| 0 eng d | ||
| 020 |
_a9788183166232 _c995 |
||
| 040 | _aLoreto College | ||
| 041 | _aEnglish | ||
| 082 |
_a371.102 _bSST-BHA |
||
| 100 | _aBhavya,M.Sakku | ||
| 245 |
_aMethods of Teaching Social Studies _cDr.M.Sakku Bhavya,Mehaboobjan I.A.,Dr.A.Hema Kameshwari |
||
| 260 |
_aHyderabad _bNeelkamal Publications _c2015 |
||
| 300 |
_axv,219p. _b23cm |
||
| 504 | _aIncludes bibliographical references and indexes. | ||
| 650 |
_aSocial Studies _vTeaching Methods |
||
| 700 |
_4Auth _aMehaboobjan I.A. |
||
| 700 |
_4Auth _aKameshwari,A.Hema |
||
| 850 | _aLCBED | ||
| 942 | _cBK | ||
| 999 |
_c40114 _d90593 |
||